Mzdová diferenciace v roce 1991.

Mzdový vývoj za 1. a 3. štvrťrok 1991 je spojený s prehlbovaním diferenciácie v úrovni a raste miezd medzi jednotlivými organizáciami. Dôsledkom tohto vývoja sú čiastkové zmeny doterajších dlhodobých medziodvetvových relácií v priemerných mzdách.

Enregistré dans:
Détails bibliographiques
Auteur principal: Dittrich, Pavel
Format: Chapitre de livre
Langue:tchèque
Sujets:
Tags: Ajouter un tag
Pas de tags, Soyez le premier à ajouter un tag!

MARC

LEADER 00000naa a2200000 4500
001 r006952
005 20220831090205.3
041 0 |a cze 
044 |a [CS] 
245 1 0 |a Mzdová diferenciace v roce 1991.  |c Pavel Dittrich 
520 |a Mzdový vývoj za 1. a 3. štvrťrok 1991 je spojený s prehlbovaním diferenciácie v úrovni a raste miezd medzi jednotlivými organizáciami. Dôsledkom tohto vývoja sú čiastkové zmeny doterajších dlhodobých medziodvetvových relácií v priemerných mzdách. 
610 2 0 |a diferenciácia mzdová 
610 2 0 |a 1991 
610 2 0 |a ČSFR 
610 2 0 |a mzdy priemerné 
100 1 |a Dittrich, Pavel